000 00881nam a2200325 i 4500
001
003 DO-SdBNP
005 20180221094803.0
008 891205s1998 sp h spa
015 _a
016 7 _a
_z
_2BPMSU
017 _a
_b
020 _a8420733792
035 _a(OCoLC)
040 _aBPMSU
_bspa
_cBPMSU
_e
080 0 _a
100 1 _aLloyd, David
_d1945-
240 _aThe sneeze
_lEspañol
245 1 3 _aEl estornudo /
_h
_ctexto de David Lloyd ; ilustraciones de Fritz Wegner ; [traducción, Juan Manuel Ibeas]
250 _a4a. ed
260 1 _aMadrid :
_bAnaya,
_c1987
300 _a[24] p. :
_bil. ;
_c24 cm
490 _aFácil de leer
500 _a
700 1 _aWegner, Fritz
700 1 _aIbeas Delgado, Juan Manuel
942 _2ddc
_cBK
945 _aInventariado, 2018/MFF
956 _aVMATEO
_b10
_c20170114
_dBPMSU
_f0069
999 _c12449
_d12449